Maths.... with Roman Numerals - Statistics

General Stats
  • This quiz has been taken 40 times
  • The average score is 18 of 20
Answer Stats
Hint Answer Explanation % Correct
Addition Ⅰ + ⅠⅠ ⅠⅠⅠ 1 + 2 = 3
100%
Addition ⅠⅠⅠ + Ⅳ ⅤⅠⅠ 3 + 4 = 7
100%
Addition ⅠⅩ + ⅩⅠⅠ ⅩⅩⅠ 9 + 12 = 21
100%
Addition ⅩⅩⅤ + ⅩⅩⅩⅠⅠ ⅬⅤⅠⅠ 25 + 32 = 57
97%
Subtraction ⅠⅠⅠ - ⅠⅠ 3 - 2 = 1
94%
Subtraction ⅤⅠⅠⅠ - ⅠⅠⅠ 8 - 3 = 5
94%
Subtraction ⅩⅩⅠⅤ - ⅤⅠⅠ ⅩⅤⅠⅠ 24 - 7 = 17
94%
Multiplication ⅠⅠ × ⅠⅠⅠ ⅤⅠ 2 × 3 = 6
94%
Multiplication Ⅳ × ⅤⅠ ⅩⅩⅠⅤ 4 × 6 = 24
94%
Multiplication ⅤⅠⅠ × Ⅴ ⅩⅩⅩⅤ 7 × 5 = 35
94%
Division ⅤⅠⅠⅠ ÷ ⅠⅠ 8 ÷ 2 = 4
94%
Division Ⅹ ÷ Ⅴ ⅠⅠ 10 ÷ 5 = 2
94%
Multiplication ⅬⅩⅠⅩ × Ⅰ ⅬⅩⅠⅩ 69 × 1 = 69
91%
Subtraction ⅬⅩⅤⅠⅠⅠ - ⅩⅩⅠⅠ ⅩⅬⅤⅠ 68 - 22 = 46
88%
Division ⅬⅩⅩⅩⅠ ÷ ⅠⅩ ⅠⅩ 81 ÷ 9 = 9
88%
Addition ⅭⅩⅩⅠⅠⅠ + ⅭⅭⅩⅬⅤⅠ ⅭⅭⅭⅬⅩⅠⅩ 123 + 246 = 369
84%
Subtraction ⅮⅭⅭⅬ - ⅭⅭⅭⅬ ⅭⅮ 750 - 350 = 400
84%
Multiplication ⅬⅩⅩⅩⅤ × Ⅳ ⅭⅭⅭⅩⅬ 85 × 4 = 340
84%
Division ⅮⅬⅤ ÷ Ⅴ ⅭⅩⅠ 555 ÷ 5 = 111
81%
Division ⅮⅭⅭⅭⅬⅩⅩⅩ ÷ ⅩⅠ ⅬⅩⅩⅩ 880 ÷ 11 = 80
81%
No matching quizzes found
Score Distribution
Percent of People with Each Score
Percentile by Number Answered
Your Score History
You have not taken this quiz